| 000 | 00927nam a22001815i 4500 | ||
|---|---|---|---|
| 001 | 160557 | ||
| 003 | ES-MaACL | ||
| 005 | 20250719063319.0 | ||
| 008 | 041007s1871 sp |||| | spa d | ||
| 040 |
_aCAM _bspa _cCAM |
||
| 100 | 1 |
_aNavarro Gonzalvo, Eduardo, _d1846-1902 _985134 |
|
| 245 | 1 | 0 |
_aBuscando una suripanta _b: juguete cómico en un acto y en verso / _coriginal de Eduardo Navarro Gonzalvo. |
| 260 |
_aMadrid : _bLibrería de los señores viuda é hijos de J. Cuesta, _c1871 ( _fImprenta económica) |
||
| 300 |
_a31 p. ; _c19 cm. |
||
| 500 | _aEn port.: Estrenado en Madrid en el Teatro Martin en la noche del 4 de febrero de 1871. | ||
| 852 |
_aES-MaACL _jF-8578(13) _z-- Enc. pasta española _z-- Ex-libris ms. de Gustavo Saenz Diez, 1877 _q-- Falto de la cub. original _z-- Enc. en un vol. facticio formando parte de la col. faciticia "Teatro español moderno", vol. 31 |
||
| 999 |
_c160557 _d160557 |
||